000 00428cam a2200181ua 4500
020 _c12.00
041 _amal
_h
082 _a894.812308
_bYAS/NI
100 _aYashpal, .
245 _aNiram pidippicha nunakal /
_cYashpal.
_hTextual Documents
250 _a1 /
_b.
260 _aThrissur :
_bCurrent Books ,
_c1961.
300 _a1000 ; .
365 _a12.00
504 _a
942 _cBK
999 _c4145
_d4145